=LDR 00000nam 2200000 4500 =001 INLIS000000000059446 =005 20211115062238 =035 ##$$a 0010-1121000183 =007 ta =008 211115###########################0#ind## =020 ##$$a 978-979-010-569-0 =082 ##$$a 418 =084 ##$$a 418 Mas p =245 1#$$a Perencanaan Bahasa Pada Era Globalisasi /$c Masnur Muclich =250 ##$$a Cet.1 =300 ##$$a xvi,270 halaman ; $c 23 Cm. =650 #4$$a Bahasa Baru =264 ##$$a jakarta :$b Bumi Aksara,$c 2010 =336 ##$$a teks$2 rdacontent =337 ##$$a lain-lain$2 rdamedia =338 ##$$a lain-lain$2 rdacarrier =990 ##$$a 28922892 =990 ##$$a 01310131